Φορτώνει......
എഴുത്തച്ഛന്റെ രത്നങ്ങൾ /
| Κύριος συγγραφέας: | |
|---|---|
| Μορφή: | Printed Book |
| Γλώσσα: | Malayalam |
| Έκδοση: |
Kerala sahithya academi
Kerala Sahitya Academy ,
1960.
Kerala Sahithya Academy 1960 |
| Θέματα: |
| LEADER | 00896nam a2200181Ia 4500 | ||
|---|---|---|---|
| 008 | 150624b xxu||||| |||| 00| p mal d | ||
| 082 | |a 851.2108 | ||
| 100 | |a Kochi Bhasha Prishkarana Samiti | ||
| 245 | |c കൊച്ചി ഭാഷ പരിഷ്കരണ സമിതി |a എഴുത്തച്ഛന്റെ രത്നങ്ങൾ / | ||
| 246 | |a Ezhuthachante rathnangal / |h Malayalam | ||
| 260 | |b Kerala Sahitya Academy , |c 1960. | ||
| 260 | |b Kerala Sahithya Academy |a Kerala sahithya academi |c 1960 | ||
| 546 | |a In Malayalam. | ||
| 650 | |v Malayalam poetry | ||
| 942 | |c BK | ||
| 999 | |c 70602 |d 70602 | ||
| 952 | |0 0 |1 0 |4 0 |6 851_210800000000000_EZH_M |7 0 |9 70579 |a UL |b UL |c ST1 |d 1998-08-28 |l 1 |o 851.2108 EZH M |p 462 |r 2018-09-22 |s 2018-09-14 |y BK | ||
| 952 | |0 0 |1 0 |2 ddc |4 0 |6 851_410000000000000_EZH |7 0 |9 233748 |a MAL |b MAL |c ST1 |d 2011-12-05 |g 0.00 |l 1 |o 851.41 EZH |p MAL4727 |r 2017-02-07 |s 2017-01-25 |v 0.00 |w 2011-12-05 |y BK | ||